000
00251nam a2200097Ia 4500
001
650148
005
20250826154353.0
008
250824s9999 xx 000 0 und d
245
0
_a
Ruby Rogers Bu Dünyada Fazlalık mıyım?
_c
Sue Limb
260
_b
ALTIN
999
_c
650148
_d
650148